000 00196 a2200097 4500
001 35143
100 _aM E E
245 _aSeyyah Seyyat
260 _aPeshawar
_bAlkitab
_c
090 _c23287
_d23287
942 _aNUST-CAE
_cM
_c14766
999 _c270216
_d270216